|
|
|
|
| LEADER |
00801cam a2200217 7i4500 |
| 001 |
0000024118 |
| 005 |
20170504090000.0 |
| 008 |
090406 eng |
| 020 |
|
|
|a 9780521697156 (pbk.)
|
| 090 |
0 |
0 |
|a R724
|b .C66 2008
|
| 245 |
0 |
0 |
|a Complex ethics consultations :
|b cases that haunt us
|c edited by Paul J. Ford and Denise M. Dudzinski.
|
| 260 |
|
|
|a New York:
|b Cambridge University Press,
|c 2008.
|
| 300 |
|
|
|a xxi, 251 p.;
|c 24 cm.
|
| 504 |
|
|
|a Includes bibliographical references and index
|
| 650 |
0 |
0 |
|a Ethics Consultation
|
| 650 |
0 |
0 |
|a Ethics, Clinical
|
| 650 |
0 |
0 |
|a Medical ethics
|
| 700 |
1 |
|
|a Ford, Paul J
|
| 700 |
1 |
|
|a Dudzinski, Denise M
|
| 997 |
|
|
|a Education & Social Sciences, Faculty
|b Education, Department
|
| 999 |
|
|
|a 0000000415
|b BOK
|c OPEN SHELF
|e 2nd Floor, Bestari Jaya
|